| 000 | 00531nam a2200181Ia 4500 | ||
|---|---|---|---|
| 999 |
_c29240 _d29240 |
||
| 003 | OSt | ||
| 005 | 20201214103835.0 | ||
| 008 | 190216s9999||||xx |||||||||||||| ||und|| | ||
| 020 | _a9788124015292 | ||
| 040 | _coclc | ||
| 082 |
_a894.812 _bNAI/S |
||
| 100 |
_aNair, Cheppad Bhaskaran _97425 |
||
| 245 | 0 |
_aSwathanthrya Samarayodhakkal / _cCheppad Bhaskaran Nair |
|
| 260 |
_bCurrent Books, _aKottayam: _c2005. |
||
| 300 | _a140p | ||
| 650 | _aLekhanam | ||
| 942 |
_cBK _2ddc _h894.812 _iNAI/S _k894.812 _mNAI/S |
||